Quiz o Samochodach #1 - Statystyki

Ogólne statystyki
  • Ten quiz został rozwiązany 124 razy
  • Średni wynik to 12 z 16
Statystyki odpowiedzi
Obrazkowy Odpowiedź % Poprawnych
Mercedes
97%
Dacia
95%
Bmw
94%
Fiat
89%
Bugatti
87%
Mazda
87%
Ford
86%
Lamborghini
85%
Jeep
84%
Opel
82%
Honda
78%
Chevrolet
77%
Polonez
74%
Łada
48%
Cadilac
34%
Pontiac
34%
Nie znaleziono quizów pasujących do podanych kryteriów
Rozkład punktacji
Procent ludzi z każdym wynikiem
Percentyl według liczby udzielonych odpowiedzi
Twoja historia wyników
Nie rozwiązałeś tego quizu